000
00365nam a2200169Ia 4500
005
20250423101502.0
008
250422s9999 xx 000 0 und d
020
_a
0582642663
050
_a
PR 9387.9 .O38/
100
_a
Okpewho, Isidore
245
4
_a
The victims
260
_a
Abuja
260
_b
Longman
260
_c
1970
300
_a
200 p
942
_c
BK
999
_c
36423
_d
36423